Statistics for Famous french paintings

Click here to take the quiz!

General Stats

  • This quiz has been taken 19 times
  • The average score is 5 of 16

Answer Stats

Answer% Correct
The Starry Night
84%
Sunflowers
79%
The Last Supper
74%
Girl with a Pearl Earring
68%
Water lilies
68%
The Night Watch
53%
Liberty Leading the People
37%
The Card Players
37%
The danse
16%
The Joconde
11%
At the Moulin Rouge
0%
Ball at the Moulin de la Galette
0%
The assassinat of Marat
0%
The Emperor Napoléon in his study
0%
The Lunchon on the Grass
0%
Where Do We Come From, What Are We, Where Are We Going
0%

Score Distribution

Percentile by Number Answered

Percent of People with Each Score

Your Score History

You have not taken this quiz